| 000 | 00962nam a22002297a 4500 | ||
|---|---|---|---|
| 005 | 20240530110437.0 | ||
| 008 | 140906s2009 ua r 000 0 ara d | ||
| 017 |
_a4322/2009 _bالقاهرة : دار الكتب المصرية |
||
| 020 | _a9789774790751 | ||
| 040 | _aEG-CaGPL | ||
| 082 | 0 | 4 |
_221 _a749.23 _bق/م ن |
| 100 | 0 | _aمحمد راشد حماد | |
| 245 | 1 | 0 |
_aنجارة الاثاث فى مصر القديمة / _cتاليف محمد راشد حماد ؛ تقديم زاهى حواس |
| 260 |
_aالقاهرة : _bالمجلس الاعلى لاثار ، _c2009 |
||
| 300 |
_a565 ص ؛ _c24 سم |
||
| 490 | _aنحو وعى حضارى معاصر | ||
| 490 |
_aسلسلة الثقافة الاثرية والتاريخية : مشروع المئة كتاب _v57 |
||
| 650 | 0 | 7 |
_aالنجارة _yمصر القديمة. |
| 650 | 0 | 7 |
_aنجارة الاثاث _yمصر القديمة. |
| 700 |
_aزاهى حواس _eمقدم |
||
| 942 |
_2ddc _cBK |
||
| 999 |
_c60976 _d60976 |
||